000 00653nam a2200205Ia 4500
003 GCL
008 140319s9999 xx 000 0 ara d
040 _aGCL /
_cGCL
082 0 4 _a701.18
_bم ف
100 1 _aمايرز, برنارد
245 1 0 _aالفنون التشكيلية وكيف نتزوقها /
_cمايرز, برنارد
700 1 _aسعد المنصورى
700 1 _aسعيد محمد خطاب (مراجعه)
700 1 _aمسعد القاضى
260 _aالقاهرة :
_bمكتبة النهضة المصرية ،
_c1994
300 _a453
490 _a
650 0 4 _aالفنون التشكيلية
942 _2ddc
_cBK
999 _c29715
_d29715